| 000 | 00905nam a2200181Ia 4500 | ||
|---|---|---|---|
| 008 | 151202s9999||||xx |||||||||||||| ||und|| | ||
| 082 | _bPNVM-121788 | ||
| 100 | _aपारखे म.स/बाबूराव. | ||
| 245 | _aराजराजेश्वर परशुराम राजनैतिक कार्य विहंगमदर्शन. | ||
| 260 | _bमोंडकर ज.आ. मुंबई. | ||
| 260 | _c1966 | ||
| 300 | _a125 | ||
| 600 | _aपारखे म.स/बाबूराव. | ||
| 630 | _aराजराजेश्वर परशुराम राजनैतिक कार्य विहंगमदर्शन. | ||
| 700 | _aपारखे म.स/बाबूराव. | ||
| 730 | _aराजराजेश्वर परशुराम राजनैतिक कार्य विहंगमदर्शन. | ||
| 942 | _cBOOK | ||
| 999 |
_c1351917 _d1351914 |
||